Online Catalogue and eLibrary

The liberation of the village : (Record no. 5456)

MARC details
000 -LEADER
fixed length control field 00236nam a2200097Ia 4500
008 - FIXED-LENGTH DATA ELEMENTS--GENERAL INFORMATION
fixed length control field 240331s9999 xx 000 0 und d
082 ## - DDC Classification
Item Number - Author Mark LIB
100 ## - MAIN ENTRY--PERSONAL NAME
Personal name CSR. ed
245 #4 - TITLE STATEMENT
Title The liberation of the village :
Remainder of title Logos Vol.15,Nos.3
942 ## - Koha item type (Biblio)
Koha item type Books in Stacks (Lending)
Holdings
Lost status Damaged status Collection code Home library Current library Shelving location Date acquired Full call number Accession Number Item type
    Lending WERC Library WERC Library Social Science Cupboard 03/31/2024 307.72 LIB 143 Books in Stacks (Lending)

© WERC Library